000 00925nam a2200253 a 4500
008
020 _a1853393193 (pbk.)
049 _aMAIN
090 _aHD6050
_bCRE
100 1 _aCreevey, Lucy E.
245 1 0 _aChanging women's lives and work :
_ban analysis of the impacts of eight microenterprise projects /
_cLucy E. Creevey.
260 _aLondon :
_bIT Publications,
_c1996.
300 _axi, 228 p. :
_bill. ;
_c23 cm.
504 _aIncudes bibliographical references.
650 0 _aWomen in economic development
_xCase studies.
650 0 _aWomen
_xEmployment
_zDeveloping countries
_xCase studies.
650 0 _aSmall business
_zDeveloping countries
_xEmployees
_xCase studies.
650 0 _aEconomic development projects
_xCase studies.
907 _a.b10024426
_b24-02-17
_c17-04-03
003
005 20230123133142.0
040 _cNUST
942 _cBOOKS
_kHD6050
_mCRE
999 _c143642
_d143642